| 000 | 00544nam a22001937a 4500 | ||
|---|---|---|---|
| 003 | OSt | ||
| 005 | 20140310181913.0 | ||
| 008 | 130713t xxu||||| |||| 00| 0 eng d | ||
| 020 | _a9780205530571 | ||
| 050 |
_aLC 1200 _b.Sm642 2008 |
||
| 082 |
_aTR 371.9 _bSm5 2008 |
||
| 245 |
_aTeaching students with special needs in inclusive settings / _cTom E. C. Smith |
||
| 260 |
_aNew York : _bPearson, _cc2008. |
||
| 300 |
_a614 p. _bcol. : ill. ; _c28 cm. |
||
| 521 | _aFaculty | ||
| 541 | _j1 | ||
| 562 | _e1 | ||
| 942 |
_2lcc _cBK-TR _kTR |
||
| 999 |
_c6599 _d6599 |
||